Mataró i l'ensenyament / (Record no. 137099)

MARC details
000 -LEADER
campo de control de longitud fija 00592nam a2200181 4500
001 - NÚMERO DE CONTROL
campo de control 137099
003 - IDENTIFICADOR DE NÚMERO DE CONTROL
campo de control ES-MaACL
005 - FECHA Y HORA DE LA ÚLTIMA TRANSACCIÓN
campo de control 20230906195317.0
007 - CAMPO FIJO DE DESCRIPCIÓN FÍSICA--INFORMACIÓN GENERAL
campo de control de longitud fija t|
008 - DATOS DE LONGITUD FIJA--INFORMACIÓN GENERAL
campo de control de longitud fija 070214s1964 sp r ||||1| cat d
100 1# - ENTRADA PRINCIPAL--NOMBRE DE PERSONA
Nombre de persona Salas i Oliveras, Ramón.
9 (RLIN) 101760
245 10 - MENCIÓN DEL TÍTULO
Título Mataró i l'ensenyament /
Mención de responsabilidad, etc. Ramón Salas i Oliveras.
260 ## - PUBLICACIÓN, DISTRIBUCIÓN, ETC.
Lugar de publicación, distribución, etc. Mataró :
Nombre del editor, distribuidor, etc. Caixa d'Estalvis i Mont de Pietat,
Fecha de publicación, distribución, etc. 1964.
300 ## - DESCRIPCIÓN FÍSICA
Extensión 109 p., 12 lám. ;
Dimensiones 23 cm.
500 ## - NOTA GENERAL
Nota general Primer accesit al Premio Iluro, 1962.
710 2# - ENTRADA AGREGADA--NOMBRE DE ENTIDAD CORPORATIVA
Nombre de entidad corporativa o nombre de jurisdicción como elemento de entrada Caixa d'Estalvis i Mont de Pietat (Mataró)
9 (RLIN) 2274
852 ## - LOCALIZACIÓN
Ubicación ES-MaACL
Número de control de estantería F-14673
Sublocalización o colección R.53785
Holdings
Estatus retirado Estado de pérdida Estado de daño No para préstamo Biblioteca de origen Biblioteca actual Ubicación en estantería Fecha de adquisición Fuente de adquisición Total de préstamos Signatura topográfica completa Código de barras Visto por última vez Precio de reemplazo Tipo de ítem Koha
        Biblioteca del Ateneo de Madrid Biblioteca del Ateneo de Madrid Sala Pecera Planta 2 17/01/2008     F-14673 1142674 23/02/2023 23/02/2023 Libro impreso